Cartoon Characters #4 - Statistics

General Stats
  • This quiz has been taken 89 times
  • The average score is 22 of 35
Answer Stats
Hint Answer % Correct
He lives in a pineapple under the sea? Spongebob Squarepants
100%
The fat orange cat Garfield
92%
A yellow bear who eats too much honey Winnie the Pooh
92%
A mouse with red pants and no shirt Mickey Mouse
90%
The green guy who hate Christmas The Grinch
90%
________ the sailor man Popeye
89%
Main character of the Simpsons Homer Simpson
85%
The above's best friends Patrick
83%
The above's girlfriend Minnie Mouse
82%
A brown smart little mouse Jerry
80%
Enemy of the above Tom
80%
A tall dog from Mickey Mouse with a green hat, orange pants and a blue pant Goofy
79%
Little yellow bird from Loony Tunes Tweety
77%
the brown dog that can't talk from Mickey Mouse Pluto
76%
SpongeBob's frenemy Squidward
73%
___________, Where are you? Scooby Doo
70%
Character from Pokemon Pikachu
69%
"What's up doc?" Bugs Bunny
68%
"Yabba Dabba Doo" Fred Flintstone
68%
"Meep, Meep" "Beep, Beep Road Runner
65%
He is smarter than the average bear Yogi Bear
63%
Enemy of the above Wile E. Coyote
61%
The Rouen duck from Looney Tunes Daffy Duck
59%
The black and white cat from Looney Tunes Sylvester
59%
The red headed woodpecker Woody Woodpecker
54%
Donald Duck's Uncle Scrooge McDuck
51%
Tha Martian from Looney Tunes Marvin
44%
The above's girlfriend Lola Bunny
38%
The above's dog Max
37%
Spinning brown character from Looney Tunes Tasmanian Devil
35%
The above's assistant and friend Booboo Bear
32%
The pink character from Looney Tunes Porky Pig
31%
A white and black dog with a red collar Snoopy
30%
A oddly colored big cat that has two movies about it Pink Panther
25%
A white cat white a pink or red bow and a yellow nose. Hello Kitty
13%
No matching quizzes found
Score Distribution
Percent of People with Each Score
Percentile by Number Answered
Your Score History
You have not taken this quiz